000 00385nam a22001691a 4500
020 _a9789354329531
082 _aM3
_bMEE/N
100 _aMeera K R
245 _aNethronmeelanam/
_cby Meera K R
250 _a8
260 _aKottayam:
_bD C Books
_c2025.
300 _a248p.
650 _aNovel Malayalam
650 _aLiterature Malayalam
650 _aLiterature
942 _cBK
999 _c181560
_d181560